Ekonomista Czasopismo poswiecone nauce i potrzebom zycia

Saved in:
Bibliographic Details
Format: Serial
Language:Polish
Published: Warszawa Wyd. Ekon. 1988
Tags: Add Tag
No Tags, Be the first to tag this record!

MARC

LEADER 00000nas2a2200000 4500
001 s027721
005 20250730114137.3
041 0 |a pol 
044 |a PL 
245 1 0 |a Ekonomista  |b Czasopismo poswiecone nauce i potrzebom zycia 
264 1 |a Warszawa  |b Wyd. Ekon.  |c 1988 
773 0 |w eu_un_cat*s121066